Quiz sur l’OM - Statistiques

Statistiques générales
  • Ce quiz a été pris 497 fois
  • Le résultat moyen est 9 sur 15
Statistiques - réponses
Hint Réponse % Correct
Quel est le nom du stade Stade Vélodrome
89%
Combien de ligue 1 le club a-t-il remporte 9
88%
Quel est le seul joueur ayant remporte le ballon d’or en jouant a l’OM Jean-Pierre Papin
88%
Quel joueur a marque le seul but de la finale de ligues des champions Basile boli
80%
Quel est le plus grand président de l’histoire du club Bernard Tapie
73%
En quelle année le club a ete fonde 1899
72%
En quelle année l’OM a remporte son dernier titre 2012
71%
Quel est le jouer le plus cape de l’histoire du club Steve Mandanda
71%
En quelle année a-t-il racheté le club 1986
56%
A quel date le club a-t-il remporte la ligues des champions (préciser le jour et l’année) 26 mai 1993
56%
Quel est le plus gros achat de l’histoire du club Vitinha
56%
Quel est le meilleur buteur de l’histoire du club Gunnar Andersson
39%
Quel est la plus grosse vente de l’histoire du club Michy Batshuayi
32%
En quelle année l’OM a remporte son premier titre 1937
20%
Quels sont les noms des 2 virages Virage sud et virage depé
3%
Aucun quiz correspondant
Distribution des résultats
% des personnes avec chaque résultat
Percentile par nombre de réponses
Votre historique - résultats
Vous n’avez pas pris ce quiz